ডঃ গোলাম মকসুদ হিলালীর কর্ম জীবন ও চিন্তাধারা / (Record no. 83232)
[ view plain ]
| 000 -LEADER | |
|---|---|
| fixed length control field | 01628nam a2200253 a 4500 |
| 001 - CONTROL NUMBER | |
| RUCL Control Number | 83232 |
| 003 - CONTROL NUMBER IDENTIFIER | |
| rucl marc code | BD-RjUL |
| 005 - DATE AND TIME OF LATEST TRANSACTION | |
| control field | 20240305093840.0 |
| 008 - FIXED-LENGTH DATA ELEMENTS--GENERAL INFORMATION | |
| fixed length control field | 240305s1994 bg a|||| m||| 00| 0 ben d |
| 035 ## - SYSTEM CONTROL NUMBER | |
| system control number | (BD-RjUL)83232 |
| 040 ## - CATALOGING SOURCE | |
| Original cataloging agency | BD-RjUL |
| Language of cataloging | ben / eng |
| Transcribing agency | BD-RjUL |
| Modifying agency | BD-RjUL |
| 041 ## - LANGUAGE CODE | |
| Language code of Book | ben |
| 082 ## - DEWEY DECIMAL CLASSIFICATION NUMBER | |
| DDC Edition number | 23 |
| Classification number | 297.6 |
| Author mark and Year | JAG 1994 |
| 100 ## - MAIN ENTRY--PERSONAL NAME | |
| Personal name | জাহাঙ্গীর, আবু ইউনুস খান মুহাম্মদ |
| 9 (RLIN) | 12077 |
| 245 10 - TITLE STATEMENT | |
| Title | ডঃ গোলাম মকসুদ হিলালীর কর্ম জীবন ও চিন্তাধারা / |
| Statement of responsibility, etc | আবু ইউনুস খান মুহাম্মদ জাহাঙ্গীর ; |
| Name of Supervisor/Co-Supervisor | তত্ত্বাবধায়ক : এম. এস. এ. ইব্রাহিমী |
| 260 ## - PUBLICATION, DISTRIBUTION, ETC. (IMPRINT) | |
| Place of publication, distribution, etc | রাজশাহী : |
| Name of publisher, distributor, etc | আরবী ও ইসলামিক স্টাডিজ বিভাগ, রাজশাহী বিশ্ববিদ্যালয়, |
| Date of publication, distribution, etc | ১৯৯৪ |
| 300 ## - PHYSICAL DESCRIPTION | |
| Pagination | [৬], ২৬০ পাতা : |
| Other physical details | চিত্র ; |
| Dimensions | ২৯ সেমি. |
| 502 ## - DISSERTATION NOTE | |
| Dissertation note | থিসিস (পিএইচ. ডি.) -- আরবী ও ইসলামিক স্টাডিজ বিভাগ, রাজশাহী বিশ্ববিদ্যালয়, ১৯৯৪ |
| 504 ## - BIBLIOGRAPHY, ETC. NOTE | |
| Bibliography, etc | সহায়ক গ্রন্থাবলী : পাতা [২৪০]-২৫৪ |
| 650 ## - SUBJECT ADDED ENTRY--TOPICAL TERM | |
| Topical term or geographic name as entry element | ইসলাম |
| Form subdivision | ইসলামী সংগঠন |
| 9 (RLIN) | 12075 |
| Topical term or geographic name as entry element | Islam |
| Form subdivision | Islamic Organization |
| 9 (RLIN) | 12076 |
| 700 ## - ADDED ENTRY--SUPERVISOR/CO-SUPERVISOR NAME | |
| Personal name | ইব্রাহিমী, এম. এস. এ. তত্ত্বাবধায়ক |
| 9 (RLIN) | 12078 |
| 942 ## - ADDED ENTRY ELEMENTS (KOHA) | |
| Source of classification or shelving scheme | Dewey Decimal Classification |
| Koha item type | Theses |
| Source of classification or shelving scheme | Damaged status | Not for loan | Collection code | Permanent Location | Current Location | Shelving location | Date of accession | Source of acquisition | Total Checkouts | Full call number | Barcode | Date last seen | Copy number | Thesis |
|---|---|---|---|---|---|---|---|---|---|---|---|---|---|---|
| Dewey Decimal Classification | Not For Loan | Theses | Central Library, University of Rajshahi | Central Library, University of Rajshahi | Documentation Section | 12/06/1995 | Controller of Exam. R. U. | BTHE 297.6 JAG 1994 | D1783 | 05/03/2024 | C-I | Theses |